Zgadnij województo po podpowiedzi - Statystyki

Ogólne statystyki
  • Ten quiz został rozwiązany 53 razy
  • Średni wynik to 14 z 16
Statystyki odpowiedzi
Podpowiedź Województwo % Poprawnych
Dawne miasto Niemieckie, afrykanarium, powódź 97/24 Dolnośląskie
96%
Festiwal,Jerzy Szczakiel Opolskie
90%
Miasto mem,spodek,górnicy,Małysz Śląskie
90%
Sejm,prezydent,kolumna zygmunta,Narodowy stadion Mazowieckie
88%
Miasto mem, Kopernik,Osada Biskupin Kujawsko-pomorskie
86%
Żydzi,termy,naj.ulica w Europie Łódzkie
86%
Maczety, Auschwitz,
para prezydencka,hejnał
Małopolskie
84%
Pomnik,Ukraina,opony,KSU Podkarpackie
84%
Pyry z gzikiem,pierwsza stolica polski,Koziołki,zlot parowozów/pociągów Wielkopolskie
84%
Ksiadz na rowerze,Carnaval Sztukmistrzów, Jarmark Jagielloński Lubelskie
82%
Jezus,Żużel,wino,kabaret Lubuskie
82%
Kurorty,1 września,dom do góry nogami,molo Pomorskie
82%
Gorszy majonez,czarownice,scyzoryki,znany raper Świętokrzyskie
82%
Rok 1410,country,jeziora Warmińsko-mazurskie
82%
Ich stolica myśli że leżą nad morzem,jedna z najlepszych drużyn w siatkówce kobiet Zachodniopomorskie
82%
Piłka nożna,Kononowicz,mem, Białoruś Podlaskie
80%
Nie znaleziono quizów pasujących do podanych kryteriów
Rozkład punktacji
Procent ludzi z każdym wynikiem
Percentyl według liczby udzielonych odpowiedzi
Twoja historia wyników
Nie rozwiązałeś tego quizu